<?xml version="1.0" encoding="UTF-8"?>
<record
    xmlns:xsi="http://www.w3.org/2001/XMLSchema-instance"
    xsi:schemaLocation="http://www.loc.gov/MARC21/slim http://www.loc.gov/standards/marcxml/schema/MARC21slim.xsd"
    xmlns="http://www.loc.gov/MARC21/slim">

  <leader>01278nam a22002177a 4500</leader>
  <controlfield tag="005">20231202104256.0</controlfield>
  <controlfield tag="008">231129b           ||||| |||| 00| 0 eng d</controlfield>
  <datafield tag="020" ind1=" " ind2=" ">
    <subfield code="a">9781398522527</subfield>
  </datafield>
  <datafield tag="040" ind1=" " ind2=" ">
    <subfield code="c">AL</subfield>
  </datafield>
  <datafield tag="041" ind1=" " ind2=" ">
    <subfield code="a">English</subfield>
  </datafield>
  <datafield tag="082" ind1=" " ind2=" ">
    <subfield code="2">23</subfield>
    <subfield code="b">SPEW</subfield>
    <subfield code="a">782.1092</subfield>
  </datafield>
  <datafield tag="100" ind1=" " ind2=" ">
    <subfield code="a">Britney Spears</subfield>
    <subfield code="9">144014</subfield>
  </datafield>
  <datafield tag="245" ind1=" " ind2=" ">
    <subfield code="a">Women in Me</subfield>
  </datafield>
  <datafield tag="260" ind1=" " ind2=" ">
    <subfield code="a">UK</subfield>
    <subfield code="b">Gallery Books</subfield>
    <subfield code="c">2023</subfield>
  </datafield>
  <datafield tag="300" ind1=" " ind2=" ">
    <subfield code="a">277 p.</subfield>
    <subfield code="b">HB</subfield>
    <subfield code="c">24x16 cm.</subfield>
  </datafield>
  <datafield tag="365" ind1=" " ind2=" ">
    <subfield code="a">6431</subfield>
    <subfield code="b">&#x20B9;800.00</subfield>
    <subfield code="c">&#x20B9;</subfield>
    <subfield code="d">&#x20B9;999.00</subfield>
    <subfield code="e">20%</subfield>
    <subfield code="f">27-11-2023</subfield>
  </datafield>
  <datafield tag="520" ind1=" " ind2=" ">
    <subfield code="a">The Woman in Me is a brave and astonishingly moving story about freedom, fame, motherhood, survival, faith, and hope.
In June 2021, the whole world was listening as Britney Spears spoke in open court. The impact of sharing her voice&#x2014;her truth&#x2014;was undeniable, and it changed the course of her life and the lives of countless others. The Woman in Me reveals for the first time her incredible journey&#x2014;and the strength at the core of one of the greatest performers in pop music history.
Written with remarkable candour and humour, Spears&#x2019;s ground-breaking book illuminates the enduring power of music and love&#x2014;and the importance of a woman telling her own story, on her own terms, at last.
</subfield>
  </datafield>
  <datafield tag="650" ind1=" " ind2=" ">
    <subfield code="a"> Autobiography </subfield>
    <subfield code="9">143760</subfield>
  </datafield>
  <datafield tag="700" ind1=" " ind2=" ">
    <subfield code="a">SPEARS (Britney)</subfield>
    <subfield code="9">143761</subfield>
  </datafield>
  <datafield tag="942" ind1=" " ind2=" ">
    <subfield code="2">ddc</subfield>
    <subfield code="c">BK</subfield>
  </datafield>
  <datafield tag="999" ind1=" " ind2=" ">
    <subfield code="c">229342</subfield>
    <subfield code="d">229342</subfield>
  </datafield>
  <datafield tag="952" ind1=" " ind2=" ">
    <subfield code="0">0</subfield>
    <subfield code="1">0</subfield>
    <subfield code="2">ddc</subfield>
    <subfield code="4">0</subfield>
    <subfield code="7">0</subfield>
    <subfield code="8">ELE</subfield>
    <subfield code="a">AL</subfield>
    <subfield code="b">AL</subfield>
    <subfield code="c">SK</subfield>
    <subfield code="d">2023-11-28</subfield>
    <subfield code="e">Biblios Book Point Surathkal Mangalore 575014</subfield>
    <subfield code="g">800.00</subfield>
    <subfield code="l">3</subfield>
    <subfield code="o">782.1092 SPEW</subfield>
    <subfield code="p">076978</subfield>
    <subfield code="r">2024-08-01 00:00:00</subfield>
    <subfield code="s">2024-07-22</subfield>
    <subfield code="v">999.00</subfield>
    <subfield code="w">2023-11-29</subfield>
    <subfield code="y">BK</subfield>
  </datafield>
</record>
